Statistiche per Indovina il film d'animazione dal villain - cattivo n.1

Clicka qui per fare il quiz!

Statistiche generali

  • Questo quiz è stato fatto 16 volte
  • Il punteggio medio è 14 su 20

Statistiche sulle risposte

VillainFilm di animazione% Corretto
Crudelia DemonLa carica dei cento e uno
100%
Capitan UncinoLe avventure di Peter Pan
100%
Lord FarquaadShrek
100%
JafarAladdin
93%
ScarIl re leone
93%
GastonLa bella e la bestia
87%
AdeHercules
80%
MaleficaLa bella addormentata nel bosco
80%
UrsulaLa sirenetta
80%
Shan YuMulan
80%
Principe HansFrozen - Il regno di ghiaccio
73%
YzmaLe follie dell'imperatore
73%
Tai LungKung Fu Panda
60%
Claude FrolloIl gobbo di Notre Dame
53%
Madre GothelRapunzel
47%
RandallMonsters & co.
40%
John RatcliffePocahontas
40%
SindromeGli Incredibili - Una normale famiglia di supereroi
33%
Lady Tremaine (matrigna cattiva)Cenerentola
27%
Tzekel-KanLa strada per El Dorado
20%

Distribuzione punteggi

Percentile per numero di risposta

Percentuale di utenti per punteggio

I tuoi punteggi nel tempo

Non hai fatto questo quiz